000 01531nam0a2200361 4500
001 RU\NLR\bibl\1086062
005 20260406153358.0
010 _a5-86793-512-4
_91500
021 _aRU
_b2007-23097
_91222
035 _a(NLR Aleph) 001073224
090 _a1011992
_c1011992
100 _a20070515d2007 |||y0rusy50 ca
101 0 _arus
102 _aRU
105 _ay |||||||||
200 1 _aПисатель-инспектор
_eФедор Сологуб и Ф.К. Тетерников
_fМ. Павлова
210 _aМосква
_cНовое литературное обозрение
_d2007
215 _a510, [1] с.
_d22
225 1 _aНаучная библиотека
225 1 _aНовое литературное обозрение
_iНаучное приложение
_vвып. 61
320 _aБиблиогр. в подстроч. прим.
320 _aУказ. имен: с. 502-510
600 1 _aСологуб
_bФ.К.
_f1863 - 1927
_gФедор Кузьмич
_91536905
_3RU\NLR\auth\66971052
686 _aШ5(2=Р)53-4Сологуб
700 1 _4070
_8rus
_7ca
_aПавлова
_bМ. М.
_cд-р филол. наук
_f1957-
_gМаргарита Михайловна
_3RU\NLR\auth\7758034
_940966
702 1 _4570
_8rus
_7ca
_aСологуб
_bФ. К.
_f1863-1927
_gФедор Кузьмич
_3RU\NLR\auth\776350
_9116304
801 0 _aRU
_bNLR
_c20070515
_gRCR
801 1 _aRU
_bNLR
_c20070515
942 _cBOOK
980 _aNB